<?xml version="1.0" encoding="UTF-8"?>
<record
    xmlns:xsi="http://www.w3.org/2001/XMLSchema-instance"
    xsi:schemaLocation="http://www.loc.gov/MARC21/slim http://www.loc.gov/standards/marcxml/schema/MARC21slim.xsd"
    xmlns="http://www.loc.gov/MARC21/slim">

  <leader>01754nam a2200277 i 4500</leader>
  <controlfield tag="003">DO-SdBNP</controlfield>
  <controlfield tag="005">20251120073733.0</controlfield>
  <controlfield tag="007">ta</controlfield>
  <controlfield tag="008">201015b2002    dr ||||| |||| 00| 0 spa d</controlfield>
  <datafield tag="040" ind1=" " ind2=" ">
    <subfield code="a">DO-SdBNP</subfield>
    <subfield code="b">spa</subfield>
    <subfield code="c">BNPHU</subfield>
    <subfield code="e">rda</subfield>
  </datafield>
  <datafield tag="082" ind1=" " ind2="4">
    <subfield code="2">22</subfield>
  </datafield>
  <datafield tag="110" ind1="2" ind2=" ">
    <subfield code="a">Pontificia  Universidad Cat&#xF3;lica Madre y Maestra </subfield>
    <subfield code="9">843</subfield>
  </datafield>
  <datafield tag="245" ind1="1" ind2="0">
    <subfield code="a">Informe de la comisi&#xF3;n especial para la reforma constitucional : </subfield>
    <subfield code="b">creada por el Presidente de la Rep&#xFA;blica, mediante decreto no. 410-01, del 21 de mayo de 2001. Recomendaciones para la reforma constitucional /</subfield>
    <subfield code="c">cuidado de edici&#xF3;n, Carmen P&#xE9;rez</subfield>
  </datafield>
  <datafield tag="264" ind1=" " ind2=" ">
    <subfield code="a">Santo Domingo :</subfield>
    <subfield code="b">PUCMM,</subfield>
    <subfield code="c">2002.</subfield>
  </datafield>
  <datafield tag="300" ind1=" " ind2=" ">
    <subfield code="a">99 p&#xE1;ginas ; </subfield>
    <subfield code="c">21 cm. </subfield>
  </datafield>
  <datafield tag="336" ind1=" " ind2=" ">
    <subfield code="2">rdacontent</subfield>
    <subfield code="a">texto</subfield>
    <subfield code="b">txt</subfield>
  </datafield>
  <datafield tag="337" ind1=" " ind2=" ">
    <subfield code="2">rdamedia</subfield>
    <subfield code="a">sin mediaci&#xF3;n</subfield>
    <subfield code="b">n</subfield>
  </datafield>
  <datafield tag="338" ind1=" " ind2=" ">
    <subfield code="2">rdacarrier</subfield>
    <subfield code="a">volumen</subfield>
    <subfield code="b">nc</subfield>
  </datafield>
  <datafield tag="490" ind1="0" ind2=" ">
    <subfield code="a">Documentos</subfield>
  </datafield>
  <datafield tag="505" ind1="0" ind2=" ">
    <subfield code="a">T&#xED;tulo 1--</subfield>
    <subfield code="t">De la naci&#xF3;n Dominicana -- </subfield>
    <subfield code="g">T&#xED;tulo 2--</subfield>
    <subfield code="t">De los derechos y deberes fundamentales -- </subfield>
    <subfield code="g">T&#xED;tulo 3--</subfield>
    <subfield code="t">De la funci&#xF3;n ciudadana -- </subfield>
    <subfield code="g">T&#xED;tulo 4--</subfield>
    <subfield code="t">Del poder legislativo) (De la funci&#xF3;n legislativa) --</subfield>
    <subfield code="g">T&#xED;tulo 5--</subfield>
    <subfield code="t">(Del poder ejecutivo) (De la funci&#xF3;n ejecutiva) -- </subfield>
    <subfield code="g">T&#xED;tulo 6--</subfield>
    <subfield code="t">(Del poder judicial) (De la funci&#xF3;n judicial) -- </subfield>
    <subfield code="g">T&#xED;tulo --7</subfield>
    <subfield code="t">De las funciones regionales y locales --</subfield>
    <subfield code="g">T&#xED;tulo 8--</subfield>
    <subfield code="t">De la funci&#xF3;n electoral -- </subfield>
    <subfield code="g">T&#xED;tulo 9--</subfield>
    <subfield code="t">De la funci&#xF3;n de contralor&#xED;a -- </subfield>
    <subfield code="g">T&#xED;tulo 10--</subfield>
    <subfield code="t">Del r&#xE9;gimen econ&#xF3;mico y financiero -- </subfield>
    <subfield code="g">T&#xED;tulo 11--</subfield>
    <subfield code="t">De la defensa nacional y la seguridad p&#xFA;blica  -- </subfield>
    <subfield code="g">T&#xED;tulo 12--</subfield>
    <subfield code="t">Disposiciones generales  -- </subfield>
    <subfield code="g">T&#xED;tulo 13--</subfield>
    <subfield code="t"> De las reformas constitucionales.</subfield>
  </datafield>
  <datafield tag="590" ind1=" " ind2=" ">
    <subfield code="a">Inventariado, 2023/BT</subfield>
  </datafield>
  <datafield tag="700" ind1="1" ind2=" ">
    <subfield code="a">P&#xE9;rez, Carmen,</subfield>
    <subfield code="e">cuidado de edici&#xF3;n</subfield>
    <subfield code="9">74186</subfield>
  </datafield>
  <datafield tag="710" ind1="2" ind2=" ">
    <subfield code="a">Pontificia  Universidad Cat&#xF3;lica Madre y Maestra </subfield>
    <subfield code="9">843</subfield>
  </datafield>
  <datafield tag="910" ind1=" " ind2=" ">
    <subfield code="a">Btav&#xE1;rez</subfield>
  </datafield>
  <datafield tag="942" ind1=" " ind2=" ">
    <subfield code="2">ddc</subfield>
    <subfield code="c">LBS1</subfield>
  </datafield>
  <datafield tag="952" ind1=" " ind2=" ">
    <subfield code="0">0</subfield>
    <subfield code="1">0</subfield>
    <subfield code="2">ddc</subfield>
    <subfield code="5">1</subfield>
    <subfield code="7">0</subfield>
    <subfield code="8">PD</subfield>
    <subfield code="a">BNPHU</subfield>
    <subfield code="b">BNPHU</subfield>
    <subfield code="c">HD</subfield>
    <subfield code="d">2020-10-15</subfield>
    <subfield code="l">0</subfield>
    <subfield code="o">BNPHU PD </subfield>
    <subfield code="p">2023-7837</subfield>
    <subfield code="r">2020-10-15</subfield>
    <subfield code="t">e.2</subfield>
    <subfield code="w">2020-10-15</subfield>
    <subfield code="y">LBS1</subfield>
  </datafield>
  <datafield tag="952" ind1=" " ind2=" ">
    <subfield code="0">0</subfield>
    <subfield code="1">0</subfield>
    <subfield code="2">ddc</subfield>
    <subfield code="5">1</subfield>
    <subfield code="7">0</subfield>
    <subfield code="8">PD</subfield>
    <subfield code="a">BNPHU</subfield>
    <subfield code="b">BNPHU</subfield>
    <subfield code="c">HD</subfield>
    <subfield code="d">2023-11-15</subfield>
    <subfield code="e">Donaci&#xF3;n</subfield>
    <subfield code="l">0</subfield>
    <subfield code="o">BNPHU PD </subfield>
    <subfield code="p">2023-7836</subfield>
    <subfield code="r">2023-11-15</subfield>
    <subfield code="w">2023-11-15</subfield>
    <subfield code="y">LBS1</subfield>
  </datafield>
  <datafield tag="999" ind1=" " ind2=" ">
    <subfield code="c">48890</subfield>
    <subfield code="d">48890</subfield>
  </datafield>
</record>
